Globetrotter : Road atlas of Malaysia

Bibliographic Details
Format: Book
Published: London : New holland publishers , 2002
Subjects:

MARC

LEADER 00000cam a2200000 7i4500
001 0000013894
005 20050420.0
020 |a 184330175X 
040 |a INS 
090 0 0 |a G2381P2   |b N4 2002 
245 1 0 |a Globetrotter :   |b Road atlas of Malaysia 
260 |a London :   |b New holland publishers ,   |c 2002 
300 |a 72p :   |b 28cm 
650 0 0 |a Cities and towns   |x Malaysia   |y Maps 
650 0 0 |a Malaysia   |x Maps   |y Tourist 
650 0 0 |a Malaysia   |x Road maps 
999 |a 0000014178   |b BOOK   |c Open Shelf   |e Default branch